000
00282nam a2200097Ia 4500
008
240331s9999 xx 000 0 und d
082
_b
PRA
100
_a
Pratap, A
245
0
_a
Island of blood :
_b
rontline reports from Sri Lanka Afghanistan and other South Asian flashpoint
942
_c
L
999
_c
1384
_d
1384